[Event "Olympiad Women 2024"]
[Site "Budapest HUN"]
[Date "2024.09.12"]
[Round "2.9"]
[Board "3"]
[White "De Rycke, Tyani"]
[Black "Klek, Hanna Marie"]
[Result "1/2-1/2"]
[WhiteElo "2110"]
[BlackElo "2296"]
[PlyCount "83"]
[EventDate "2024.09.11"]
[WhiteTeam "Belgium"]
[BlackTeam "Germany"]
[WhiteTeamCountry "BEL"]
[BlackTeamCountry "GER"]

1. e4 c5 2. Nc3 Nc6 3. g3 g6 4. Bg2 Bg7 5. d3 d6 6. Be3 e5 7. Qd2 Nge7 8. Nge2 Nd4 9. O-O O-O 10. f4 Be6 11. Nd1 b6 $146 ({RR} 11... Qd7 12. c3 Nxe2+ 13. Qxe2 Rac8 14. Nf2 f5 15. Rfd1 h6 16. d4 cxd4 17. cxd4 exf4 18. Bxf4 Bc4 19. Qd2 fxe4 20. Nxe4 g5 21. Be3 Bd5 22. Re1 Kh8 23. Kh1 Nf5 24. Bg1 Rce8 25. Rac1 Re7 26. Nc3 {½-½ Novak,E-Adamski,J Prague Armies-ch03 1966 (11)}) ({RR} 11... Qd7 12. c3 Nxe2+ 13. Qxe2 Nc6 14. Qd2 exf4 15. gxf4 f5 16. b3 Rae8 17. Rc1 Ne7 18. c4 Nc6 19. Nc3 Nd4 20. Ne2 Nc6 21. Ng3 Kh8 22. Rce1 Nd4 23. Ne2 Nc6 24. Ng3 Qf7 25. Kh1 Re7 26. e5 {½-½ Pasiev,R (2385)-Bukavshin,I (2539) RUS-ch U26 Saratov 2013 (3)}) ({RR} 11... Qd7 12. Nf2 f5 13. c3 Nxe2+ 14. Qxe2 Rac8 15. c4 b5 16. Rad1 h6 17. b3 Kh7 18. Qd2 b4 19. Kh1 a5 20. Rg1 a4 21. Rb1 Rf7 22. Rgf1 Ng8 23. exf5 gxf5 24. Qc2 a3 25. Qe2 Ne7 26. Nh3 {½-½ Koziol,P (1647)-Kowalski,W (1667) 282nd YMCA Winter A 2024 (5)}) ({RR} 11... Rc8 12. c3 Nxe2+ 13. Qxe2 Qd7 14. Nf2 Rfd8 15. f5 gxf5 16. Qh5 f6 17. Bh3 fxe4 18. Bxe6+ Qxe6 19. dxe4 d5 20. Ng4 Rf8 21. Bh6 Bxh6 22. Nxh6+ Kh8 23. exd5 Nxd5 24. Rae1 Ne7 25. Ng4 Ng8 26. Rf2 {1-0 Norwood,D (2335)-Jackson,S (2235) Eileen Tranmer Memorial-07 1985 (7)}) 12. c3 Nxe2+ 13. Qxe2 exf4 14. gxf4 d5 15. Nf2 Qd7 16. Rad1 d4 17. Bd2 Bxa2 18. c4 Bb3 19. Ra1 a5 20. f5 gxf5 21. exf5 Rae8 22. Ne4 f6 23. Qh5 Nc8 24. Rf3 Re5 25. Raf1 Qe8 26. Qh4 Rxe4 27. dxe4 Bxc4 28. Rh3 h5 29. Rff3 Be2 30. Rf2 Bd1 31. Rg3 Rf7 32. Rf1 Be2 33. Re1 d3 34. Bf1 Bxf1 35. Rxf1 c4 36. Bh6 Qe5 37. Qxh5 Nd6 38. Qg4 Qxe4 39. Rf4 Qe1+ 40. Rf1 Qe4 41. Rf4 Qe1+ 42. Rf1 1/2-1/2

[Event "Olympiad Women 2024"]
[Site "Budapest HUN"]
[Date "2024.09.12"]
[Round "2.9"]
[Board "4"]
[White "Schulze, Lara"]
[Black "Dierckens, Sarah"]
[Result "1-0"]
[WhiteElo "2283"]
[BlackElo "1943"]
[PlyCount "61"]
[EventDate "2024.09.11"]
[WhiteTeam "Germany"]
[BlackTeam "Belgium"]
[WhiteTeamCountry "GER"]
[BlackTeamCountry "BEL"]

1. e4 c5 2. Nf3 d6 3. d4 cxd4 4. Nxd4 Nf6 5. Nc3 g6 6. Be3 Bg7 7. f3 a6 8. Qd2 Nbd7 9. Be2 b5 10. a4 bxa4 11. Rxa4 ({RR} 11. Nxa4 Bb7 12. c4 a5 13. O-O O-O 14. Rfd1 Qc7 15. Nb5 Qc6 16. Ra3 Rfd8 17. Kh1 h5 18. Nac3 Nc5 19. Bg5 Re8 20. Rda1 Qb6 21. Qe3 Nfd7 22. Rd1 Bc6 23. b3 Ne6 24. Qxb6 Nxb6 25. Be3 Reb8 {1-0 Hristodoulou,P (2387)-Bru Rullo,L (2202) 40th Andorra Open 2024 (6.13)}) 11... Bb7 12. Nb3 O-O $146 ({RR} 12... Ne5 13. O-O O-O 14. Rfa1 Qc7 15. Na5 Bc8 16. Nc4 Ned7 17. Bd4 Nc5 18. R4a3 Be6 19. Ne3 Qb7 20. e5 Nfd7 21. exd6 Qxb2 22. Bxg7 Kxg7 23. dxe7 Rfe8 24. Qd4+ f6 25. Ra5 Qb6 26. Ncd5 Qd6 27. Rd1 {½-½ Kim,J (1986)-Yuan,Y (2243) London Classic op 2017 (8)}) 13. Na5 Qc7 14. O-O Nc5 15. Ra3 Rfd8 16. b4 Ne6 17. Na4 Nd7 18. c4 Bc6 19. Nc3 Nb6 20. Nd5 Bxd5 21. cxd5 Nf8 22. Rc1 Qb8 23. Nc6 Qb7 24. Nxd8 Rxd8 25. Rxa6 Nfd7 26. Ra5 Rc8 27. Ba6 Rxc1+ 28. Qxc1 Qb8 29. Qc6 Nxd5 30. Qxd5 Qxb4 31. Bf1 1-0

[Event "Olympiad Women 2024"]
[Site "Budapest HUN"]
[Date "2024.09.12"]
[Round "2.10"]
[Board "1"]
[White "Garcia Martin, Marta"]
[Black "Sulyok, Eszter"]
[Result "1-0"]
[WhiteElo "2318"]
[BlackElo "2080"]
[PlyCount "55"]
[EventDate "2024.09.11"]
[WhiteTeam "Spain"]
[BlackTeam "Hungary C"]
[WhiteTeamCountry "ESP"]

1. e4 e5 2. Nf3 Nc6 3. Bc4 Bc5 4. d3 Nf6 5. O-O O-O 6. c3 d6 7. Nbd2 a5 8. Re1 Be6 9. h3 h6 10. Bb5 Ne7 ({RR} 10... Qb8 11. Re2 Qa7 12. Bxc6 bxc6 13. a4 Nd7 14. Nf1 d5 15. d4 exd4 16. Nxd4 Qb6 17. Be3 Bxd4 18. Bxd4 Qb7 19. exd5 cxd5 20. Ng3 Rae8 21. Qd2 c5 22. Be3 Kh7 23. Rae1 Qc6 24. Bf4 Qxa4 25. Nf5 {1-0 Caruana,F (2805)-Ding Liren (2762) 12th Norway Chess 2024 (3.2)}) ({RR} 10... Qb8 11. Bxc6 bxc6 12. d4 exd4 13. cxd4 Ba7 14. Nf1 d5 15. exd5 Nxd5 16. Ng3 c5 17. Nh5 Qb6 18. Qd2 cxd4 19. Nxg7 Bxh3 20. Qxh6 Qxh6 21. Bxh6 Bg4 22. Ne5 Nf6 23. Bg5 Nh7 24. Be7 Rfb8 25. Nxg4 {½-½ Arfan,A (2405)-Sathvik Adiga (2365) Budapest 1 Week Aug GMB 2024 (2.4)}) 11. d4 $146 ({RR} 11. Nf1 Ng6 12. Ng3 c6 13. Ba4 Bb6 14. d4 Re8 15. Bc2 Qc7 16. Be3 Rad8 17. Qc1 d5 18. dxe5 Bxe3 19. Qxe3 Nxe5 20. Nxe5 Qxe5 21. f4 Qc7 22. e5 d4 23. cxd4 Nd5 24. Qe4 Kf8 25. Rad1 Qb6 {1-0 Pichot,A (2630)-Shankland,S (2691) Sebinhoo Inv Online blitz 2020 (6)}) 11... exd4 12. cxd4 Ba7 13. Bd3 d5 14. e5 Nd7 15. Nf1 c5 16. Ng3 cxd4 17. Bxh6 Ng6 18. Qd2 Re8 19. Nh5 Bxh3 20. Bxg7 Bg4 21. Qh6 Bxh5 22. Ng5 Qxg5 23. Qxg5 Kxg7 24. f4 Nc5 25. f5 Rh8 26. Qf6+ Kh6 27. fxg6 Nxd3 28. g7+ 1-0

[Event "Olympiad Women 2024"]
[Site "Budapest HUN"]
[Date "2024.09.12"]
[Round "2.10"]
[Board "2"]
[White "Gombocz, Zsofia"]
[Black "Vega Gutierrez, Sabrina"]
[Result "0-1"]
[WhiteElo "2061"]
[BlackElo "2374"]
[PlyCount "52"]
[EventDate "2024.09.11"]
[WhiteTeam "Hungary C"]
[BlackTeam "Spain"]
[BlackTeamCountry "ESP"]

1. e4 c5 2. Nf3 e6 3. c4 Nc6 4. Nc3 Nd4 5. Nxd4 cxd4 6. Ne2 e5 7. Ng3 ({RR} 7. a3 Nf6 8. d3 {½-½ Nevednichy,V (2563)-Eingorn,V (2589) Valle d'Aosta op 9th 2001 (8)}) 7... h5 $146 ({RR} 7... d6 8. Be2 Nf6 9. O-O h5 10. d3 h4 11. Nh1 Be7 12. f4 Nd7 13. Bg4 exf4 14. Bxf4 Ne5 15. Bxc8 Qxc8 16. Nf2 Qd7 17. b4 Bf6 18. Bxe5 Bxe5 19. Nh3 Rh6 20. Nf4 Kf8 21. Nd5 Re8 22. Rf5 {1-0 Pugachov,A (2495)-Dolgopolov,A (2274) Vitebsky Memorial 2001 (4)}) ({RR} 7... d6 8. d3 Be7 9. Be2 Bg5 10. O-O Bxc1 11. Rxc1 Ne7 12. f4 f6 13. Bh5+ g6 14. Bg4 O-O 15. Bxc8 Rxc8 16. f5 Rc6 17. Qg4 Qc8 18. Rf3 b5 19. b3 a5 20. Rcf1 bxc4 21. bxc4 Rb6 22. Qh4 {1-0 Sharapov,E (2375)-Shevchuk,O (2093) Titled Tue 9th Apr Early 2024 (3)}) ({RR} 7... Nf6 8. d3 h5 9. h4 b5 10. cxb5 Qa5+ 11. Bd2 Qxb5 12. Qc2 d5 13. Qc7 Qb8 14. Rc1 Bd6 15. Qxb8 Rxb8 16. b3 O-O 17. Be2 Bb7 18. f3 g6 19. O-O Ba3 20. Rb1 Rfc8 21. Bc1 Bxc1 22. Rfxc1 {½-½ Gombocz,Z (2087)-Ongut,T (2297) Tapolca Olympic Hopes 2021 (7)}) ({RR} 7... g6 8. d3 h5 9. Be2 h4 10. Nf1 Bb4+ 11. Nd2 Nf6 12. a3 Be7 13. Nf3 d6 14. Bd2 Bd7 15. h3 a5 16. b3 Nh5 17. Nh2 Bg5 18. Bxh5 Rxh5 19. Nf3 Be7 20. Qe2 b5 21. O-O Kf8 22. Ne1 {1-0 Belenkaya,D (2313)-Potapova,M (2060) RUS-chT rapid (Women) 2016 (2.3)}) 8. h4 g6 9. Ne2 Qa5 10. g3 Nf6 11. Bg2 b5 12. cxb5 Qxb5 13. Qb3 Ba6 14. Qxb5 Bxb5 15. f4 Ng4 16. Bf3 Bd6 17. Bxg4 hxg4 18. f5 Bd3 19. fxg6 fxg6 20. Rf1 Ke7 21. b3 Raf8 22. Bb2 Rxf1+ 23. Kxf1 Rf8+ 24. Ke1 Bxe4 25. d3 Bb4+ 26. Kd1 Bxd3 0-1

[Event "Olympiad Women 2024"]
[Site "Budapest HUN"]
[Date "2024.09.12"]
[Round "2.10"]
[Board "3"]
[White "Matnadze Bujiashvili, Ann"]
[Black "Nandin-Erdene, Davaademberel"]
[Result "1-0"]
[WhiteElo "2338"]
[BlackElo "2039"]
[PlyCount "224"]
[EventDate "2024.09.11"]
[WhiteTeam "Spain"]
[BlackTeam "Hungary C"]
[WhiteTeamCountry "ESP"]

1. Nf3 d5 2. g3 Nf6 3. Bg2 c5 4. O-O Nc6 5. d4 cxd4 6. Nxd4 e5 7. Nxc6 bxc6 8. c4 Be6 9. Qa4 Qd7 10. Nc3 Rc8 11. cxd5 cxd5 12. Qxd7+ Kxd7 13. Rd1 Bc5 14. Nxd5 Nxd5 15. Bxd5 Bxd5 16. Rxd5+ Ke6 17. Rd1 Rhd8 18. Bd2 Bb6 $146 ({RR} 18... Bd4 19. Bc3 Bxc3 20. Rxd8 Rxd8 21. bxc3 Rd2 22. Kf1 Rc2 23. Rb1 Rxc3 24. Rb3 Rc1+ 25. Kg2 Rc2 26. Ra3 Rxe2 27. Rxa7 e4 28. Kf1 Rb2 29. a4 h5 30. h4 g6 31. a5 f6 32. a6 Ra2 33. Ra8 {½-½ Gaboyan,S (2179)-Lei,T (2550) World Blitz Women 2023 (7.23)}) ({RR} 18... Bd4 19. Bc3 Bxc3 20. bxc3 Rxd1+ 21. Rxd1 Rxc3 22. Rd2 a5 23. Rb2 Ra3 24. Kf1 g5 25. e4 h5 26. h3 h4 27. gxh4 gxh4 28. Kg2 f6 29. f3 Kf7 30. Rf2 Kg6 31. f4 Rg3+ 32. Kh2 Re3 33. fxe5 {0-1 Flynn,J (2134)-Csonka,B (2473) Titled Tue 20th Aug Early 2024 (1)}) ({RR} 18... Bd4 19. Bc3 Bxc3 20. Rxd8 Rxd8 21. bxc3 Rd2 22. Kf1 Rc2 23. Ke1 Rxc3 24. Kd2 Ra3 25. Kc2 h5 26. Kb2 Ra4 27. Rc1 Rd4 28. Rc2 Rd1 29. a4 Rh1 30. h4 Rf1 31. e3 Kd5 32. a5 a6 33. Kc3 {0-1 Parekh,V (1791)-Sapaev,M (2250) Bhopal op 2019 (7)}) 19. Bc3 Bd4 20. Rac1 Bxc3 21. Rxd8 Rxd8 22. Rxc3 Rd2 23. Rc6+ Kf5 24. Rc7 Kg6 25. Rxa7 Rxb2 26. Kf1 Rb1+ 27. Kg2 e4 28. g4 Rb2 29. e3 f6 30. Ra5 Rc2 31. h3 Rb2 32. Kg3 Re2 33. h4 Kh6 34. Ra6 Kg6 35. h5+ Kg5 36. Ra7 Kh6 37. a3 Ra2 38. Ra6 Kg5 39. Ra7 Kh6 40. Ra4 g6 41. hxg6 hxg6 42. Rxe4 Rxa3 43. Re6 Kg7 44. Re7+ Kf8 45. Rb7 g5 46. Kf3 Ra2 47. Rc7 Rb2 48. Kg3 Rb3 49. Kg2 Ra3 50. Rd7 Ke8 51. Rh7 Ra2 52. Kg3 Ra3 53. Kf3 Ra2 54. Rb7 Kf8 55. Kg3 Ra3 56. Kf3 Ra2 57. Rb3 Kf7 58. Kg3 Ra4 59. Rd3 Ra1 60. Kg2 Ra2 61. Kf3 Ke6 62. Kg3 Ra1 63. Rb3 Rg1+ 64. Kf3 Re1 65. Ke4 Re2 66. f3 Ra2 67. Rb6+ Kf7 68. Rc6 Ra4+ 69. Kd5 Ra3 70. Rc7+ Kg6 71. Kd4 Ra4+ 72. Rc4 Ra3 73. Ke4 Ra1 74. Rd4 Ra3 75. Rb4 Rc3 76. Rb7 Rc4+ 77. Kd5 Ra4 78. Re7 Ra5+ 79. Kd6 Ra6+ 80. Kc5 Ra3 81. Re4 Ra5+ 82. Kd4 Ra3 83. Re6 Ra4+ 84. Kd3 Ra3+ 85. Ke2 Ra2+ 86. Ke1 Rb2 87. Rd6 Rh2 88. Rd7 Ra2 89. Rd2 Ra3 90. Kf2 Rb3 91. Rd7 Rb2+ 92. Kg3 Rb3 93. Kf2 Rb2+ 94. Kf1 Ra2 95. Rd3 Ra4 96. Kf2 Ra2+ 97. Kg3 Ra1 98. f4 gxf4+ 99. exf4 Rg1+ 100. Kh3 Rf1 101. Rd4 Rh1+ 102. Kg2 Ra1 103. Rd7 Ra3 104. Re7 Rb3 105. Kf2 Ra3 106. Re6 Rb3 107. g5 Kf5 108. Rxf6+ Kg4 109. Rf7 Rb6 110. Ke3 Re6+ 111. Kd4 Rg6 112. Ke5 Kh5 1-0

[Event "Olympiad Women 2024"]
[Site "Budapest HUN"]
[Date "2024.09.12"]
[Round "2.10"]
[Board "4"]
[White "Sipos, Stefania"]
[Black "Calzetta Ruiz, Monica"]
[Result "0-1"]
[WhiteElo "1993"]
[BlackElo "2199"]
[PlyCount "68"]
[EventDate "2024.09.11"]
[WhiteTeam "Hungary C"]
[BlackTeam "Spain"]
[BlackTeamCountry "ESP"]

1. e4 c5 2. Nf3 Nc6 3. c3 d5 4. exd5 Qxd5 5. d4 Nf6 6. Be3 cxd4 7. cxd4 e6 8. Nc3 Qd8 9. Bd3 Be7 10. O-O O-O 11. Qe2 ({RR} 11. Rc1 Nb4 12. Bb1 b6 13. Bg5 Bb7 14. Ne5 Rc8 15. Re1 Nfd5 16. Qh5 f5 17. Bd2 Nc6 18. Nxc6 Rxc6 19. a3 Nxc3 20. Bxc3 Qd5 21. Qf3 Qxf3 22. gxf3 Rf6 23. Bd3 Rc7 24. d5 Rg6+ 25. Kf1 Rd7 {0-1 Nabaty,T (2579)-Nakamura,H (2776) Gibraltar Masters 13th 2015 (3)}) 11... Nb4 12. Bb1 b6 13. Re1 $146 ({RR} 13. a3 Nbd5 14. Bd3 Bb7 15. Ne5 h6 16. Rad1 Rc8 17. Nxd5 Qxd5 18. f3 Qd8 19. Qf2 Nd5 20. Bc1 Qd6 21. Qg3 Kh8 22. Qh3 Kg8 23. Rfe1 f5 24. Ng6 Rf6 25. Ne5 Bc6 26. Qh5 Be8 27. Qh3 Bf7 {½-½ Balla,T (2303)-Lima,A (2030) Titled Tue 25th Jul Late 2023 (10)}) 13... Ba6 14. Qd2 Rc8 15. a3 Nbd5 16. Nxd5 Qxd5 17. Ba2 Qa8 18. Bg5 Bb7 19. Re3 Ne4 20. Rxe4 Bxg5 21. Nxg5 Bxe4 22. Re1 Bf5 23. Bb3 h6 24. Nf3 Qc6 25. Ne5 Qb5 26. Qe3 Bc2 27. Bxc2 Rxc2 28. b3 Qd5 29. Nc4 Rd8 30. Qd3 Qf5 31. Qg3 Qg5 32. Qd3 Rc1 33. Rd1 Rxd1+ 34. Qxd1 Qf4 0-1

[Event "Olympiad Women 2024"]
[Site "Budapest HUN"]
[Date "2024.09.12"]
[Round "2.11"]
[Board "1"]
[White "Keinanen, Anastasia"]
[Black "Assaubayeva, Bibisara"]
[Result "1/2-1/2"]
[WhiteElo "2212"]
[BlackElo "2482"]
[PlyCount "107"]
[EventDate "2024.09.11"]
[WhiteTeam "Finland"]
[BlackTeam "Kazakhstan"]
[WhiteTeamCountry "FIN"]
[BlackTeamCountry "KAZ"]

1. e4 c5 2. Nf3 d6 3. d4 cxd4 4. Nxd4 Nf6 5. Nc3 a6 6. Nb3 Nbd7 7. g4 h6 8. a4 b6 9. Bg2 Bb7 10. Qe2 e6 $146 ({RR} 10... Rc8 11. f4 g5 12. e5 Bxg2 13. Qxg2 dxe5 14. fxg5 hxg5 15. Bxg5 Rc4 16. h3 Rg8 17. Be3 Qc8 18. Nd2 Qc6 19. Qxc6 Rxc6 20. g5 Nh5 21. Rf1 f6 22. Nde4 Kf7 23. O-O-O Ke6 24. h4 f5 25. Rxd7 {1-0 Sylvan,J (2297)-Bjerre,J (2557) Koge Weekend-A 2nd 2021 (2)}) ({RR} 10... Qc7 11. f4 g6 12. Be3 Bg7 13. O-O-O Rc8 14. Rhg1 Nxg4 15. e5 Bxg2 16. Rxg2 Nxe3 17. exd6 Qc6 18. Qxe3 e6 19. Nd5 Kf8 20. f5 exd5 21. Qe7+ Kg8 22. fxg6 Rf8 23. gxf7+ Kh7 24. Rxg7+ Kxg7 25. Rg1+ {1-0 Mgeladze,K (2152)-Huseynova,L (1984) 32nd EY Girls U14 2024 (7.2)}) ({RR} 10... Rc8 11. f4 g5 12. fxg5 hxg5 13. Bxg5 Bg7 14. O-O-O Rxc3 15. bxc3 Qc7 16. Bd2 Ne5 17. g5 Nfd7 18. h4 Qc6 19. h5 Nc4 20. Kb1 Be5 21. Bf1 Na3+ 22. Kb2 Nxc2 23. Kxc2 Qxa4 24. Ra1 Qc6 25. Bg2 {0-1 Ronka,E (2355)-Vishnu,P (2476) Titled Tuesday intern op 22 Mar Early blitz 2022 (3)}) 11. f4 Rc8 12. h3 Rc7 13. O-O Qa8 14. Bd2 Be7 15. Rae1 Nh7 16. Nd4 O-O 17. f5 Bf6 18. Be3 e5 19. Nb3 Rxc3 20. bxc3 Bxe4 21. Bxe4 Qxe4 22. Qd3 Qc6 23. Rd1 Be7 24. c4 Nhf6 25. a5 bxa5 26. Nxa5 Qc7 27. Nb3 Rc8 28. Nd2 d5 29. cxd5 e4 30. d6 exd3 31. dxc7 dxc2 32. Rde1 Rxc7 33. Nb3 Rc3 34. Bd2 Rg3+ 35. Kf2 Bd6 36. Re3 Ne4+ 37. Rxe4 Rxb3 38. Ke2 Nf6 39. Re3 Rb2 40. Bc1 Ra2 41. Kd3 a5 42. Kc4 a4 43. Rf2 Kh7 44. Ree2 Ra1 45. Rxc2 Rb1 46. Bb2 a3 47. Bxf6 gxf6 48. Ra2 Kg7 49. Kd5 Bf8 50. Rf3 Rb5+ 51. Kc4 Rb4+ 52. Kc3 Rb1 53. Kd4 Rb4+ 54. Kc3 1/2-1/2

[Event "Olympiad Women 2024"]
[Site "Budapest HUN"]
[Date "2024.09.12"]
[Round "2.11"]
[Board "2"]
[White "Balabayeva, Xeniya"]
[Black "Paasikangas, Johanna"]
[Result "1-0"]
[WhiteElo "2335"]
[BlackElo "2058"]
[PlyCount "101"]
[EventDate "2024.09.11"]
[WhiteTeam "Kazakhstan"]
[BlackTeam "Finland"]
[WhiteTeamCountry "KAZ"]
[BlackTeamCountry "FIN"]

1. e4 e5 2. Nf3 Nc6 3. Bc4 Bc5 4. d3 Nf6 5. O-O d6 6. a4 a5 7. h3 h6 8. c3 Ba7 ({RR} 8... O-O 9. Na3 Ba7 10. Nb5 Bb6 11. Re1 Ne7 12. d4 exd4 13. Nbxd4 Ng6 14. Bb3 Re8 15. Qc2 c6 16. Bd2 Bc5 17. Bxh6 Bxd4 18. e5 Bxf2+ 19. Kxf2 Nxe5 20. Nxe5 Rxe5 21. Qg6 Qf8 22. Kg1 Be6 23. Qxf6 {0-1 Nepomniachtchi,I (2751)-Karjakin,S (2783) chess.com Speed 5m+2spm 2017 blitz (2.8)}) 9. Be3 O-O 10. Bxa7 $146 ({RR} 10. Nbd2 Re8 11. Bxa7 Rxa7 12. Re1 Be6 13. Bb5 Bd7 14. Nc4 Ra8 15. Ne3 Ne7 16. Bc4 Ng6 17. Qb3 Rf8 18. Rad1 c6 19. Qc2 Qc7 20. d4 Rad8 21. Ba2 Bc8 22. Rd2 Rfe8 23. d5 c5 24. b4 Nf4 {1-0 Pichot,A (2635)-Vaibhav,S (2597) Chess.com Classic Play-In 2024 (2.14)}) 10... Rxa7 11. Re1 Qe7 12. Nh2 Be6 13. Nd2 Nd8 14. Qf3 Bxc4 15. Nxc4 Ne6 16. Ne3 Nf4 17. d4 Kh7 18. Rad1 Ra6 19. h4 Qe6 20. g3 Ng6 21. Nd5 Ne8 22. h5 Ne7 23. dxe5 dxe5 24. Nxe7 Qxe7 25. Qf5+ Kg8 26. Rd7 Qc5 27. Rd5 Qc4 28. Qxe5 Qxa4 29. Nf3 Rf6 30. Rxa5 Qc2 31. Kg2 Qxb2 32. Rb5 Qc2 33. Rxb7 Re6 34. Qd4 Rc6 35. Re3 Nd6 36. Rb4 Ra6 37. Qd3 Ra2 38. Qxc2 Rxc2 39. e5 Nf5 40. Rd3 Ra8 41. Rf4 Ne7 42. Rd7 Re8 43. c4 c6 44. Rc7 Rc1 45. Rd4 Kf8 46. e6 fxe6 47. Ne5 Rc2 48. Rdd7 Re2 49. Ng6+ Nxg6 50. hxg6 Re4 51. Rxg7 1-0

[Event "Olympiad Women 2024"]
[Site "Budapest HUN"]
[Date "2024.09.12"]
[Round "2.11"]
[Board "3"]
[White "Bederdin, Lilja"]
[Black "Nurman, Alua"]
[Result "1-0"]
[WhiteElo "2065"]
[BlackElo "2324"]
[PlyCount "99"]
[EventDate "2024.09.11"]
[WhiteTeam "Finland"]
[BlackTeam "Kazakhstan"]
[WhiteTeamCountry "FIN"]
[BlackTeamCountry "KAZ"]

1. d4 Nf6 2. c4 g6 3. Nc3 Bg7 4. e4 d6 5. h3 Nbd7 6. Be3 e5 7. d5 Nc5 8. Qc2 a5 9. Nf3 O-O 10. Be2 Qe7 ({RR} 10... Nh5 11. g3 f5 12. exf5 Bxf5 13. Qd1 e4 14. Nd4 Bd7 15. Nb3 b6 16. Qd2 Qe7 17. Nd4 a4 18. O-O-O a3 19. b3 Qe5 20. Qc2 Rf7 21. Kb1 Raf8 22. Bg4 Nf6 23. Bf4 Qe8 24. Bxd7 Qxd7 25. Be3 {½-½ Cyborowski,L (2580)-Kempinski,R (2590) POL-ch 64th Opole 2007 (6)}) 11. Nd2 c6 $146 ({RR} 11... Bd7 12. Nb3 b6 13. O-O Kh8 14. Nxc5 bxc5 15. a4 Ng8 16. Nb5 Qd8 17. f4 f5 18. fxe5 Bxe5 19. Bd3 f4 20. Bd2 g5 21. Bc3 Re8 22. Qe2 Nf6 23. Rae1 Kg7 24. Qd2 Nh5 25. Bxa5 Ng3 26. Rf3 {½-½ Ghersinich,G-Ikica,A (2119) Porec Gortan 2003 (9)}) ({RR} 11... Ne8 12. g4 f5 13. gxf5 gxf5 14. O-O-O f4 15. Bxc5 dxc5 16. Nf3 Nd6 17. Rdg1 Kh8 18. h4 Bd7 19. Qd1 Bh6 20. Kb1 a4 21. a3 Ra6 22. Ka2 Rb6 23. Bd3 Ra6 24. Be2 Raa8 25. Qc2 b6 26. Rh2 {½-½ Roubalik,J (2351)-Zylka,S (2411) ECo-C TCh-SVK 2023-24 (9.4)}) ({RR} 11... Bd7 12. O-O Ne8 13. f4 Bh6 14. g4 f5 15. Kg2 fxg4 16. hxg4 Bxf4 17. Bxf4 exf4 {0-1 Ccerhuayo Escobedo,M (1912)-Larrea,M (2291) 6th Marcel Duchamp Cup 2023 (4.14)}) 12. O-O Nfd7 13. Nb3 Nxb3 14. Qxb3 c5 15. Nb5 h6 16. f3 Nf6 17. g4 Nh7 18. Qd3 f5 19. Kg2 Rf7 20. Rh1 Bd7 21. a4 Raf8 22. Raf1 h5 23. Bd2 b6 24. b3 Bc8 25. Nc3 Bf6 26. gxf5 gxf5 27. Rfg1 Kh8 28. Kf1 Bh4 29. Bd1 fxe4 30. Nxe4 Bf5 31. Bh6 Re8 32. Ke2 Nf6 33. Qe3 Nh7 34. Bc2 Qd7 35. Rh2 Nf6 36. Bg5 Bxe4 37. Bxf6+ Bxf6 38. Qh6+ Bh7 39. Bxh7 Rxh7 40. Qxf6+ Rg7 41. Rhg2 Ree7 42. Qh6+ Kg8 43. Qxh5 Qc7 44. Qh6 Qd7 45. Ke3 Ref7 46. Rxg7+ Rxg7 47. Rxg7+ Qxg7 48. Qxg7+ Kxg7 49. Ke4 Kf6 50. f4 1-0

[Event "Olympiad Women 2024"]
[Site "Budapest HUN"]
[Date "2024.09.12"]
[Round "2.11"]
[Board "4"]
[White "Kairbekova, Amina"]
[Black "Sippola, Sara-Olivia"]
[Result "1-0"]
[WhiteElo "2243"]
[BlackElo "1861"]
[PlyCount "79"]
[EventDate "2024.09.11"]
[WhiteTeam "Kazakhstan"]
[BlackTeam "Finland"]
[WhiteTeamCountry "KAZ"]
[BlackTeamCountry "FIN"]

1. e4 e5 2. Nf3 Nc6 3. Bb5 a6 4. Ba4 Nf6 5. O-O b5 6. Bb3 Be7 7. d3 h6 ({RR} 7... Na5 8. Nxe5 Nxb3 9. axb3 Bb7 10. Be3 O-O 11. Nd2 Re8 12. f4 d5 13. Qf3 dxe4 14. Nxe4 Nxe4 15. dxe4 Bf6 16. Bc5 Be7 17. b4 Bxc5+ 18. bxc5 Qd4+ 19. Qf2 Qxe4 20. Rfe1 Qf5 21. g4 Qe6 22. Rad1 {1-0 Care Garcia,J (1850)-Agudelo Montoya,G (1648) 17th American Continental 2024 (2.193)}) 8. a4 $146 ({RR} 8. c3 O-O 9. Nbd2 d5 10. exd5 Nxd5 11. Re1 Bg4 12. h3 Bh5 13. g4 Bg6 14. Ne4 Kh8 15. a4 Rb8 16. axb5 axb5 17. Ra6 Qd7 18. Ng3 Nb6 19. Nxe5 Nxe5 20. Rxe5 Bd6 21. Re3 Rbe8 22. Bc2 Nd5 {1-0 Ratiarison,D-Blanchon,P (1721) Metz op 24th 2006 (6)}) ({RR} 8. Nc3 Na5 9. Nxe5 Nxb3 10. axb3 d6 11. Nc6 Qd7 12. Nxe7 Qxe7 13. Nxb5 c5 14. Bf4 axb5 15. Rxa8 O-O 16. Qd2 g5 17. Bg3 Kh7 18. Rd1 Qe6 19. f4 Qg4 20. fxg5 hxg5 21. Rf1 Nh5 22. Bxd6 Rg8 {1-0 Davies,A-Wingfield,H NZL Congress-27 Championship 1913 (7)}) 8... Bb7 9. Nc3 b4 10. Nd5 a5 11. c3 O-O 12. Nxe7+ Qxe7 13. Nh4 Rfd8 14. Nf5 Qf8 15. Qf3 d5 16. Nxh6+ gxh6 17. Qxf6 Rd6 18. Qh4 Ne7 19. f4 Ng6 20. Qg3 Qg7 21. fxe5 Nxe5 22. Qxg7+ Kxg7 23. Bf4 Nxd3 24. Bxd6 cxd6 25. cxb4 axb4 26. exd5 Ba6 27. Bc2 Nxb2 28. Rfb1 Nd3 29. Bxd3 Bxd3 30. Rxb4 Ra5 31. Rb6 Bc4 32. Rd1 Rxa4 33. Rxd6 Ra7 34. Rc6 Bb5 35. Rc5 Bd7 36. d6 Ra8 37. Rd2 Kf6 38. Kf2 Ra3 39. Rc7 Ke6 40. Rb7 1-0

[Event "Olympiad Women 2024"]
[Site "Budapest HUN"]
[Date "2024.09.12"]
[Round "2.12"]
[Board "1"]
[White "Mkrtchian, Lilit"]
[Black "Corrales Jimenez, Zenia"]
[Result "1-0"]
[WhiteElo "2366"]
[BlackElo "2170"]
[PlyCount "49"]
[EventDate "2024.09.11"]
[WhiteTeam "Armenia"]
[BlackTeam "Mexico"]
[WhiteTeamCountry "ARM"]
[BlackTeamCountry "MEX"]

1. c4 e6 2. Nc3 d5 3. d4 Nf6 4. cxd5 exd5 5. Bg5 Bb4 6. e3 h6 7. Bh4 g5 8. Bg3 Ne4 9. Nge2 h5 10. f3 ({RR} 10. h3 Nxg3 11. Nxg3 h4 12. Nh5 c6 13. Be2 Nd7 14. Qb3 Bxc3+ 15. Qxc3 Nf6 16. Nxf6+ Qxf6 17. b4 a6 18. a4 Bf5 19. b5 axb5 20. axb5 O-O 21. O-O Qe6 22. Rfc1 cxb5 23. Qb3 Rxa1 24. Rxa1 Rc8 {0-1 Carlsen,M (2847)-Nepomniachtchi,I (2789) Carlsen Inv KO rapid 2021 (2.32)}) 10... Nxg3 11. hxg3 Nc6 ({RR} 11... c6 12. a3 Bd6 13. e4 dxe4 14. Nxe4 Be7 15. N2c3 Be6 16. Qd2 Nd7 17. O-O-O Nb6 18. Nc5 Bxc5 19. dxc5 Qxd2+ 20. Rxd2 Nd5 21. Ne4 g4 22. Nd6+ Ke7 23. Nxb7 gxf3 24. gxf3 Rag8 25. Na5 Rxg3 26. Nxc6+ {½-½ Nguyen Ngoc Truong Son (2633)-Bobkov,V (2253) Titled Tue 20th Aug Early 2024 (4)}) 12. Qb3 Bxc3+ $146 ({RR} 12... Qe7 13. Kf2 Be6 14. a3 Bxc3 15. Qxb7 Kd7 16. bxc3 Rab8 17. Qa6 Rb2 18. c4 Qf6 19. Kg1 h4 20. gxh4 gxh4 21. Rd1 Qg5 22. Nf4 Qg3 23. Rh2 h3 24. Be2 Rhb8 25. cxd5 Bxd5 26. Nxd5 Rb1 27. Rxh3 {1-0 Shivakumar,S (2307)-Rodi,L (2196) 1000GM Winter IM 1 2023 (2.5)}) ({RR} 12... Qd6 13. O-O-O Be6 14. a3 Bxc3 15. Qxc3 O-O-O 16. Qc5 f6 17. Qxd6 Rxd6 18. g4 Bf7 19. Ng3 h4 20. Nf5 Rdd8 21. Bb5 Kd7 22. g3 hxg3 23. Nxg3 a6 24. Bd3 Ne7 25. Kd2 Bg6 26. Bxg6 Nxg6 27. Nf5 {½-½ Milanovic,D (2395)-Loncar,R (2337) 31st TCh-CRO Div 1b 2023 (6.33)}) 13. Nxc3 Qd6 14. O-O-O Ne7 15. e4 Qxg3 16. Nxd5 Nxd5 17. Qxd5 c6 18. Qb3 Be6 19. Qxb7 O-O 20. Rxh5 Qf4+ 21. Kb1 Kg7 22. Bd3 c5 23. Qe7 Kg6 24. Rdh1 Rfe8 25. e5+ 1-0